000 00660cab a2200181 4500
001 WB2728-20
008 090401t1991 xxu||||| |||| 00| 0 eng d
035 _a(Sirsi) u40168
041 _aeng
245 _aAmended landlord and tenant forms
260 _c1991
350 _a0
490 _aOyez Forms Information Service
_vno 12/1991 June 1991, 1 page
520 _aThe High Court and County Courts Jurisdiction Order 1991, (SI 1991:724), will come into force 1 July 1991 and certain prescribed forms , landlord`s notices to terminate business tenancies , will be altered.
690 _aPROPERTY-LANDLORD AND TENANT
942 _n0
948 _c04/03/1997
999 _c25731
_d25731